| 000 | 00960nam a22002657a 4500 | ||
|---|---|---|---|
| 005 | 20170123162322.0 | ||
| 010 | _aA-435639 | ||
| 020 | _c75.00 | ||
| 035 | _aA-435639 | ||
| 037 | _bCen Lib/Ret | ||
| 040 |
_aDPL _bUR |
||
| 082 |
_aن _bب ه ٹ |
||
| 100 |
_aبھاتاچریا، پرندار کومار _9117827 |
||
| 245 |
_aلوک راج / _c پرندار کومار بھاتاچریا ؛ مرتجم بلراج ورما |
||
| 246 |
_aLok raaj / _bby Parendra Kumar Bhattacharya ; traslated by Balraj Varma |
||
| 260 |
_bساہتیہ اکادمی _c1990 _aنیی دہلی |
||
| 270 |
_aرویندرا بھوں ٣٥ فیروز شاہ مارگ _bنیی دہلی _e110001 |
||
| 300 |
_a380p. _c21cm(Hb) |
||
| 650 |
_aاسمیہ ادب _9108872 |
||
| 650 |
_aاسمیہ ناول _9509 |
||
| 650 |
_aAsmia lierature _9117828 |
||
| 650 |
_aAsmia novel _9117829 |
||
| 700 |
_a بلراج ورما _9140757 |
||
| 942 |
_2ddc _cUR _hن _mب ه ٹ |
||
| 999 |
_c107195 _d107195 |
||